Statistics for Most Guessed Books of the Bible

Click here to take the quiz!

General Stats

  • This quiz has been taken 65 times
  • The average score is 9 of 10

Answer Stats

%Book% Correct
97Genesis
100%
91Mark
97%
92Matthew
97%
92Exodus
95%
94John
95%
92Luke
95%
84Revelation
81%
85Psalms
73%
83Numbers
71%
87Leviticus
69%

Score Distribution

Percentile by Number Answered

Percent of People with Each Score

Your Score History

You have not taken this quiz